00242nam a22000977a 4500008004100000082001100041100002200052245002500074260003600099300000900135260424b |||||||| |||| 00| 0 eng d a001066 aNarayanachar, K S aGeethartha Swadhyaya aHublibSahitya Prakashanac2017 a248p